| 000 | 03740nam a22005775i 4500 | ||
|---|---|---|---|
| 001 | 978-3-319-47148-8 | ||
| 003 | DE-He213 | ||
| 005 | 20210118143720.0 | ||
| 007 | cr nn 008mamaa | ||
| 008 | 170320s2017 gw | s |||| 0|eng d | ||
| 020 |
_a9783319471488 _9978-3-319-47148-8 |
||
| 024 | 7 |
_a10.1007/978-3-319-47148-8 _2doi |
|
| 050 | 4 | _aRD598.5-598.7 | |
| 072 | 7 |
_aMNJ _2bicssc |
|
| 072 | 7 |
_aMED085050 _2bisacsh |
|
| 072 | 7 |
_aMNJ _2thema |
|
| 082 | 0 | 4 |
_a617.413 _223 |
| 100 | 1 |
_aDebus, E. Sebastian. _eauthor. _4aut _4http://id.loc.gov/vocabulary/relators/aut |
|
| 245 | 1 | 0 |
_aEvidence-based Therapy in Vascular Surgery _h[electronic resource] / _cby E. Sebastian Debus, Reinhart T. Grundmann. |
| 250 | _a1st ed. 2017. | ||
| 264 | 1 |
_aCham : _bSpringer International Publishing : _bImprint: Springer, _c2017. |
|
| 300 |
_aXII, 285 p. 1 illus. in color. _bonline resource. |
||
| 336 |
_atext _btxt _2rdacontent |
||
| 337 |
_acomputer _bc _2rdamedia |
||
| 338 |
_aonline resource _bcr _2rdacarrier |
||
| 347 |
_atext file _bPDF _2rda |
||
| 505 | 0 | _a1. Carotid Artery Stenosis -- 2. Type B Aortic Dissection -- 3. Aneurysms of the descending and thoracoabdominal aorta -- 4. Aneurysms of the Abdominal Aorta -- 6. Renal Artery Stenosis -- 7. Intestinal Aneurysms -- 8. Chronic Intestinal Ischemia -- 9. Intermittent Claudication -- 10. Critical Limb Ischemia -- 11. Acute Limb Ischemia -- 12. Popliteal Artery Aneurysm -- 13. Access Surgery -- 14. Diabetic Foot -- 15. Varicose Veins. | |
| 520 | _aThis book is an introduction to quality initiative for vascular surgery and medicine. Originally published in German, the book is written by leading experts who utilise their professional expertise and insight to help raise the level of patient safety, quality of care, and training of junior vascular physicians. This books aims to bring together the best available current treatment and information, including recent guidelines, meta-analyses, and randomised trials to help put evidence-based therapeutic recommendations into practice. Innovative therapeutic treatment options are not currently incorporated within standard procedure, and this book will help physicians include these methods and create more individualised treatment. | ||
| 650 | 0 | _aVascular surgery. | |
| 650 | 0 | _aMinimally invasive surgery. | |
| 650 | 0 | _aInterventional radiology . | |
| 650 | 1 | 4 |
_aVascular Surgery. _0http://scigraph.springernature.com/things/product-market-codes/H59133 |
| 650 | 2 | 4 |
_aMinimally Invasive Surgery. _0http://scigraph.springernature.com/things/product-market-codes/H59052 |
| 650 | 2 | 4 |
_aInterventional Radiology. _0http://scigraph.springernature.com/things/product-market-codes/H29021 |
| 700 | 1 |
_aGrundmann, Reinhart T. _eauthor. _4aut _4http://id.loc.gov/vocabulary/relators/aut |
|
| 710 | 2 | _aSpringerLink (Online service) | |
| 773 | 0 | _tSpringer eBooks | |
| 776 | 0 | 8 |
_iPrinted edition: _z9783319471471 |
| 776 | 0 | 8 |
_iPrinted edition: _z9783319471495 |
| 776 | 0 | 8 |
_iPrinted edition: _z9783319836676 |
| 856 | 4 | 0 | _uhttps://doi.org/10.1007/978-3-319-47148-8 |
| 912 | _aZDB-2-SME | ||
| 999 |
_c451250 _d451250 |
||
| 942 | _cEB | ||
| 506 | _aAvailable to subscribing member institutions only. Доступно лише організаціям членам підписки. | ||
| 506 | _fOnline access from local network of NaUOA. | ||
| 506 | _fOnline access with authorization at https://link.springer.com/ | ||
| 506 | _fОнлайн-доступ з локальної мережі НаУОА. | ||
| 506 | _fОнлайн доступ з авторизацією на https://link.springer.com/ | ||